000 00880nas a2200265 4500
001 BR2013000957
003 BR-BrBNA
005 20231205121904.0
007 ta
008 230509b bl.|||p| |||| 00| 00por d
040 _aBR-BrBNA
_bpor
_cBiblioteca Nacional de Agricultura
041 _a(Pt)
072 _aQ04
100 1 _aRoman, J.A.
100 1 _aSgarbieri, V.C.
245 1 _aEfeito da hidrólise enzimática sobre propriedades funcionais de caseína bovina coagulada pela ação da quimosina
650 _aPROTEÍNA
650 _aEMULSÃO
650 _aREAÇÃO QUÍMICA
650 _aANÁLISE QUÍMICA
773 0 _tCiência e Tecnologia de Alimentos (Brazil)
_xISSN 1678-457X
_g(Jul-Sep 2005), V. 25(3) p. 468-474
_wBR2013000957
856 4 0 _uhttp://www.scielo.br/pdf/cta/v25n3/27013.pdf
909 _a202311
_bLúcia
_c55
_dLúcia Elande
942 _2AGRIS
_n0
_cANA
999 _c225768
_d225768